000
00331nam a22001337a 4500
008
250508b |||||||| |||| 00| 0 eng d
020
_a
9709726161
050
_a
NK 2116
_b
.H37
100
_a
Fenando De Haro
245
_a
Interiors:Modern And Emerging Tendencies
260
_b
A.M. Publishers
_c
2005
300
_a
194p.
942
_c
BK
999
_c
3371
_d
3371